00366nam a2200181Ia 4500003000900000008004100009040001300050040001300063041000800076100001200084245003100096250000900127260001200136260000900148300001100157300001000168490000600178IT-RoPAU120407s9999 xx 000 0 und d aIT-RoPAU cIT-RoPAU aita aPlatone aDialoghi, Il Clitofonte... aBari aLaterza c1915 a362 p. c21 cm v1